| 000 | 00390nam a2200145Ia 4500 | ||
|---|---|---|---|
| 008 | 211109s9999||||xx |||||||||||||| ||und|| | ||
| 082 |
_a822.33 _bSHA-T |
||
| 100 | _aShakespeare, William | ||
| 245 | 0 | _aTempest | |
| 260 |
_bMathrubhumi _aKozhikode _c1938 |
||
| 300 | _a184p. | ||
| 630 | _xGeneral Stack | ||
| 650 |
_aENGLISH LITERATURE _vEnglish DramaEnglish Plays _xEnglish |
||
| 942 | _cBOOK | ||
| 999 |
_c14348 _d14348 |
||